banner-ar

جذور الاصولية الاسلامية فى مصر المعاصرة : (Record no. 60407)

MARC details
000 -الفاتح
حقل البيانات ثابتة الطول 00940nam a22002417a 4500
005 - وقت وتاريخ اخر تعامل مع التسجيلة
رقم الضبط 20240530110408.0
008 - عناصر البيانات ثابتة الطول - معلومات عامة
حقل البيانات ثابتة الطول 150209s2008 ua g b 000 0 ara d
017 ## - رقم الايداع القانونى
رقم الايداع القانونى 8217/2008
المصدر ( الهيئة المختصة) مصر . دار الكتب المصرية
020 ## - الرقم الدولى المعيارى للكتب
الرقم الدولى المعيارى للكتاب 9771805541
040 ## - مصدر الفهرسة
وكالة الفهرسة الأصلية EG-CaGPL
041 0# - رمز اللغة
رمز لغة النص/ المسارات الصوتية أو العنوان الانفرادي ara
082 04 - رقم تصنيف ديوى العشرى
رقم الطبعة 21
رقم التصنيف 219
رقم المادة ق/أ ج
100 0# - المدخل الرئيسى - إسم شخصى
الإسم الشخصى احمد صلاح الملا
245 10 - بيان العنوان
العنوان جذور الاصولية الاسلامية فى مصر المعاصرة :
بقية العنوان رشيد رضا ومجلة المنار 1898 -1935 /
بيان المسئوليه,etc تاليف احمد صلاح الملا
260 ## - PUBLICATION, DISTRIBUTION, ETC. (IMPRINT)
تاريخ النشر أو التوزيع 2008
300 ## - الوصف المادى
التعداد 412 ص ؛
أبعاد الوعاء 24 سم
490 0# - بيان السلسلة
عنوان السلسلة مصر النهضة ؛
رقم المجلد/ التعيين التسلسلي 71
504 ## - تبصرة ببليوجرافية
تبصرة ببليوجرافية,الخ يشتمل على ارجاعات ببليوجرافية
600 04 - المدخل الاضافى بالموضوع-اسم شخصى
مصدر الرأس أو المصطلح رشيد رضا
650 04 - المدخل الاضافى بالموضوع-مصطلح موضوعى
مصطلح موضوعي مجلة المنار
650 04 - المدخل الاضافى بالموضوع-مصطلح موضوعى
مصطلح موضوعي الامامة
942 ## - عناصر المدخل الإضافي( كوها)
مصدر التصنيف او مخطط الترفيف Dewey Decimal Classification
Koha [default] item type كتاب
260 ## - PUBLICATION, DISTRIBUTION, ETC. (IMPRINT)
-- القاهرة :
-- مطبعة دار الكتب والوثائق القومية بالقاهرة ،
Holdings
حالة التراجع حالة الفقد حالة تلف ليس للاعارة المكان المؤقت الموقع الحالى تاريخ الاكتساب اجمالي اﻻعارات رقم الطلب الباركود تاريخ اخر مشاهدة تاريخ تفعيل السعر نوع وعاء كوها
        مكتبة القاهرة الكبرى مكتبة القاهرة الكبرى 02/09/2015   219ق/أ ج 159449 02/09/2015 02/09/2015 كتاب

Powered By

EGPV